000 01127cam a22003253a 4500
001 12375
003 PGUSA
005 20140828083248.0
008 040501s2004||||xxu|||||s|||||000 | eng d
040 _aPGUSA
_beng
042 _adc
050 4 _aTK
100 1 _aTowers, Walter Kellogg,
_d1888-
245 1 0 _aMasters of Space :
_bMorse and the Telegraph; Thompson and the Cable; Bell and the Telephone; Marconi and the Wireless Telegraph; Carty and the Wireless Telephone
_h[electronic resource] /
_cWalter Kellogg Towers
260 _bProject Gutenberg,
_c2004
506 _aPublic domain in the USA.
516 _aElectronic text
653 _aMorse, Samuel Finley Breese, 1791-1872
653 _aKelvin, William Thomson, Baron, 1824-1907
653 _aCarty, John J. (John Joseph), 1861-1932
653 _aTelephone
653 _aTelegraph, Wireless
653 _aMarconi, Guglielmo, marchese, 1874-1937
653 _aRadio
653 _aTelegraph
653 _aBell, Alexander Graham, 1847-1922
830 0 _aProject Gutenberg
_v12375
856 4 0 _uhttp://www.gutenberg.org/ebooks/12375
942 _cEB
999 _c241630
_d241630